Arsenal antipapal (Record no. 130564)
[ view plain ]
| 000 -LEADER | |
|---|---|
| campo de control de longitud fija | 00801nam a2200229 i 4500 |
| 001 - NÚMERO DE CONTROL | |
| campo de control | 130564 |
| 003 - IDENTIFICADOR DE NÚMERO DE CONTROL | |
| campo de control | ES-MaACL |
| 005 - FECHA Y HORA DE LA ÚLTIMA TRANSACCIÓN | |
| campo de control | 20230906193756.0 |
| 007 - CAMPO FIJO DE DESCRIPCIÓN FÍSICA--INFORMACIÓN GENERAL | |
| campo de control de longitud fija | t| |
| 008 - DATOS DE LONGITUD FIJA--INFORMACIÓN GENERAL | |
| campo de control de longitud fija | 070801s1901 fr ||||1| fre d |
| 080 ## - NÚMERO DE LA CLASIFICACIÓN DECIMAL UNIVERSAL | |
| Número de la Clasificación Decimal Universal | 282(038) |
| 080 ## - NÚMERO DE LA CLASIFICACIÓN DECIMAL UNIVERSAL | |
| Número de la Clasificación Decimal Universal | 373(038) |
| 100 1# - ENTRADA PRINCIPAL--NOMBRE DE PERSONA | |
| Nombre de persona | Gay, Teofilo. |
| 9 (RLIN) | 56112 |
| 245 10 - MENCIÓN DEL TÍTULO | |
| Título | Arsenal antipapal |
| Resto del título | : dictionnaire des hérésies, impostures & idolâtries de l'église romaine / |
| Mención de responsabilidad, etc. | Teofilo Gay ; traduit de l'italien par Léa-Gay-Humbert. |
| 260 ## - PUBLICACIÓN, DISTRIBUCIÓN, ETC. | |
| Lugar de publicación, distribución, etc. | [Francia] : |
| Nombre del editor, distribuidor, etc. | Chez Tous Les Libraires, |
| Fecha de publicación, distribución, etc. | 1901. |
| 300 ## - DESCRIPCIÓN FÍSICA | |
| Extensión | 232 p. ; |
| Dimensiones | 15 cm. |
| 500 ## - NOTA GENERAL | |
| Nota general | Biblioteca Jacinto Martínez Lacalle. |
| 610 24 - PUNTO DE ACCESO ADICIONAL DE MATERIA--NOMBRE DE ENTIDAD CORPORATIVA | |
| Nombre de entidad corporativa o nombre de jurisdicción como elemento de entrada | Iglesia Católica- |
| Subdivisión general | Diccionarios. |
| 9 (RLIN) | 140937 |
| 650 14 - PUNTO DE ACCESO ADICIONAL DE MATERIA--TÉRMINO DE MATERIA | |
| Término de materia o nombre geográfico como elemento de entrada | Herejías- |
| Subdivisión de forma | Diccionarios. |
| 9 (RLIN) | 139349 |
| 700 1# - ENTRADA AGREGADA--NOMBRE PERSONAL | |
| Nombre de persona | Gay-Humbert, Léa. |
| 9 (RLIN) | 56119 |
| 852 ## - LOCALIZACIÓN | |
| Ubicación | ES-MaACL |
| Número de control de estantería | E-11879 |
| Sublocalización o colección | R.139844 |
| Estatus retirado | Estado de pérdida | Estado de daño | No para préstamo | Biblioteca de origen | Biblioteca actual | Ubicación en estantería | Fecha de adquisición | Fuente de adquisición | Total de préstamos | Signatura topográfica completa | Código de barras | Visto por última vez | Precio de reemplazo | Tipo de ítem Koha |
|---|---|---|---|---|---|---|---|---|---|---|---|---|---|---|
| Biblioteca del Ateneo de Madrid | Biblioteca del Ateneo de Madrid | Depósito 2 | 17/01/2008 | E-11879 | 1135942 | 23/02/2023 | 23/02/2023 | Libro impreso antiguo |
